La tierra y la cuestión social / (Record no. 176932)

MARC details
000 -LEADER
campo de control de longitud fija 01716nam a2200325 i 4500
001 - NÚMERO DE CONTROL
campo de control 176932
003 - IDENTIFICADOR DE NÚMERO DE CONTROL
campo de control ES-MaACL
005 - FECHA Y HORA DE LA ÚLTIMA TRANSACCIÓN
campo de control 20260211130738.0
008 - DATOS DE LONGITUD FIJA--INFORMACIÓN GENERAL
campo de control de longitud fija 110218s1912 sp a |||| | spa d
080 ## - NÚMERO DE LA CLASIFICACIÓN DECIMAL UNIVERSAL
Número de la Clasificación Decimal Universal 332.24(460)
080 ## - NÚMERO DE LA CLASIFICACIÓN DECIMAL UNIVERSAL
Número de la Clasificación Decimal Universal 323.333(460)
100 1# - ENTRADA PRINCIPAL--NOMBRE DE PERSONA
Nombre de persona Costa, Joaquín,
Fechas asociadas al nombre 1846-1911
9 (RLIN) 41054
245 13 - MENCIÓN DEL TÍTULO
Título La tierra y la cuestión social /
Mención de responsabilidad, etc. por D. Joaquín Costa Martínez.
260 ## - PUBLICACIÓN, DISTRIBUCIÓN, ETC.
Lugar de publicación, distribución, etc. Madrid :
Nombre del editor, distribuidor, etc. Biblioteca Costa,
Fecha de publicación, distribución, etc. 1912 (
Fabricante Imp. de Fortanet)
300 ## - DESCRIPCIÓN FÍSICA
Extensión 185 p., 1 retr. autor ;
Dimensiones 21 cm.
490 1# - MENCIÓN DE SERIE
Mención de serie Biblioteca económica ;
Designación de volumen o secuencia 4
490 1# - MENCIÓN DE SERIE
Mención de serie Obras completas ;
Designación de volumen o secuencia 23
505 8# - NOTA DE CONTENIDO CON FORMATO
Nota de contenido con formato Contiene: El pueblo y la propiedad territorial ; Cuestión social agraria en Jerez ; Contra el hambre de la Litera ; La cuestión de las tierras a propósito del caso de La Solana ; Huertos comunales ; Concurrencia de jornal y huerta en Zaragoza ; Para la blusa y el calzón corto ; Sobre amnistía de los obreros ; La pobreza, fuente de esclavitud y de delito ; La cuestión del capital tierra ; El trabajo colectivo y las pensiones para la vejez ; Lo que corresponde hacer a los profesores españoles
530 ## - NOTA DISPONIBLE DE FORMULARIO FÍSICO ADICIONAL
Nota de formato físico adicional disponible Disponible en formato digital.
650 #4 - PUNTO DE ACCESO ADICIONAL DE MATERIA--TÉRMINO DE MATERIA
Término de materia o nombre geográfico como elemento de entrada Propiedad rústica-
Subdivisión geográfica España.
9 (RLIN) 16497
650 #4 - PUNTO DE ACCESO ADICIONAL DE MATERIA--TÉRMINO DE MATERIA
Término de materia o nombre geográfico como elemento de entrada Trabajadores agrícolas-
Subdivisión geográfica España.
9 (RLIN) 17584
650 #7 - PUNTO DE ACCESO ADICIONAL DE MATERIA--TÉRMINO DE MATERIA
Término de materia o nombre geográfico como elemento de entrada Problemas sociales
Fuente del encabezamiento o término embne
9 (RLIN) 16415
830 1# - PUNTO DE ACCESO ADICIONAL DE SERIE-TÍTULO UNIFORME
Título uniforme Biblioteca económica ;
Designación de volumen o secuencia 4
9 (RLIN) 185772
830 1# - PUNTO DE ACCESO ADICIONAL DE SERIE-TÍTULO UNIFORME
Título uniforme Obras completas ;
Designación de volumen o secuencia 23
9 (RLIN) 176447
852 ## - LOCALIZACIÓN
Ubicación ES-MaACL
Número de control de estantería D-8857
Ubicación en estantería Sala Valle Inclán
856 4# - LOCALIZACIÓN Y ACCESO ELECTRÓNICOS
Identificador Uniforme de Recursos <a href="http://bdh-rd.bne.es/viewer.vm?id=0000060917&page=1 ">http://bdh-rd.bne.es/viewer.vm?id=0000060917&page=1 </a>
Texto de enlace Biblioteca Digital Hispánica
856 4# - LOCALIZACIÓN Y ACCESO ELECTRÓNICOS
Identificador Uniforme de Recursos <a href="https://repositorio.bde.es/handle/123456789/4312 ">https://repositorio.bde.es/handle/123456789/4312 </a>
Texto de enlace Repositorio Institucional del Banco de España
942 ## - ELEMENTOS DE ENTRADA SECUNDARIOS (KOHA)
Fuente del sistema de clasificación o colocación Clasificación decimal universal
Holdings
Estatus retirado Estado de pérdida Estado de daño No para préstamo Colección Biblioteca de origen Biblioteca actual Ubicación en estantería Fecha de adquisición Fuente de adquisición Total de préstamos Signatura topográfica completa Código de barras Visto por última vez Precio de reemplazo Tipo de ítem Koha
        Colección digital Biblioteca del Ateneo de Madrid Biblioteca del Ateneo de Madrid Sala Valle Inclán 18/02/2011     D-8857 901185832 23/02/2023 23/02/2023 Libro impreso